| 000 | 00000nam##2200000za#4500 |
| 001 | 9.634962 |
| 003 | CaOODSP |
| 005 | 20210624220029 |
| 007 | cr ||||||||||| |
| 008 | 150407|2008||||xxc|||||o f|0| 0 fre|d |
| 020 | |a978-0-662-08044-2 |
| 040 | |aCaOODSP|bfre |
| 043 | |an-cn--- |
| 086 | 1 |aP103-4/2008F-PDF |
| 110 | 1 |aCanada. |bTravaux publics et services gouvernementaux Canada. |
| 245 | 13|aLe processus d'élaboration d'un plan de sûreté / |h[ressource électronique]|c[par] Direction des marchandises contrôlées. |
| 260 | |aOttawa - Ontario : |bTravaux publics et Services gouvernementaux Canada |c[2008]. |
| 300 | |a8p. |
| 500 | |a"Le plan de sûreté a pour fonction de veiller à la mise en application des mesures de sécurité nécessaires à la protection des marchandises contrôlées" - en couv. |
| 590 | |a12-24-Supp|b2012-05-30 |
| 691 | 07|aSécurité|2gcpds |
| 775 | 08|tDevelopment process of a security plan / |w(CaOODSP)9.690615 |
| 856 | 40|ahttp://publications.gc.ca|qPDF|s267 Ko|uhttps://publications.gc.ca/collections/collection_2012/tpsgc-pwgsc/P103-4-2008-fra.pdf |